000 01027nam a2200277Ia 4500
003 OSt
005 20221005110648.0
006 a|||||r|||| 00| 0
007 ta
008 221004b |||||||| |||| 00| 0 san d
020 _a9788126730971 (hbk)
_cINR 750.00
024 _a44939
037 _bBR/7268, 16/02/2019, Rajkamal Prakashan Pvt. Ltd.
_cTextual
040 _aCRL
_cCRL
_bsan
041 _2san
_asan
082 _aO15,1x, 152Q8
100 _aदास, श्रीकृष्ण, संपा.
245 0 _aअमरूशतकम्
246 _aAmarūshatakam
260 _aनई दिल्ली
_bराजकमल प्रकाशन भारत
_c2018
300 _a355पृ0
_ccm.
650 _a संस्कृत साहित्य
650 _aसंस्कृत कविता
942 _hO15,1x, 152Q8
_cTEXL
_2cc
999 _c1019511
_d1019511